Joueur de foot ayant gagné un trophée avec leur pays en équipe 1 - Statistiques

Statistiques générales
  • Ce quiz a été pris 156 fois
    103 depuis la dernière actualisation
  • Le résultat moyen est 6 sur 21
Answers on the Grid
Answers color-coded by a green-red scale on the quiz's grid according to % correct below.
Mbappe
Neuer
Kane
Yamal
Son
Mané
Giroud
Reus
Vinicius JR
Hazard
Charisteas
Pulisic
Alaaeldin
Di Stefano
Nassazzi Yarza
Suarez
Lewandoski
Van der saar
Salah
Benzema
Schmeichel
Drogba
Fofana
Bale
Yashin
Porlier
Jota
Panenka
Vidal
Mahrez
 
Statistiques - réponses
Réponse % Correct
Mbappe
100%
Neuer
97%
Yamal
84%
Giroud
70%
Mané
51%
Mahrez
33%
Benzema
30%
Vidal
25%
Di Stefano
24%
Charisteas
19%
Yashin
17%
Jota
16%
Son
16%
Panenka
13%
Schmeichel
13%
Suarez
8%
Alaaeldin
5%
Fofana
5%
Nassazzi Yarza
5%
Pulisic
5%
Porlier
3%
Aucun quiz correspondant
Distribution des résultats
% des personnes avec chaque résultat
Percentile par nombre de réponses
Votre historique - résultats
Vous n’avez pas pris ce quiz depuis la dernière actualisation